Odpady vznikajúce pri nakladaní s nebezpečnými chemickými látkami : Záverečná práca

Guardado en:
Detalles Bibliográficos
Autor principal: Hodálová, Jolana (Autor)
Otros Autores: Gracza, Tibor, 1956- (xxx)
Formato: Manuscrito Libro
Lenguaje:eslovaco
Publicado: Trnava : STU v Bratislave MtF KEBI, 2002
Materias:
Etiquetas: Agregar Etiqueta
Sin Etiquetas, Sea el primero en etiquetar este registro!

MARC

LEADER 00000ntm a22000003a 4500
001 stu76900
005 20160719155029.9
008 020731s2002----xo------------------slo-d
040 |a STU  |b slo 
041 0 |a slo 
044 |a xo 
100 1 |a Hodálová, Jolana  |4 aut 
245 1 |a Odpady vznikajúce pri nakladaní s nebezpečnými chemickými látkami :  |b Záverečná práca 
260 |a Trnava :  |b STU v Bratislave MtF KEBI,  |c 2002 
300 |a 56 s  |c abstr. 
650 7 |a chemické odpady  |2 stusub 
650 7 |a bezpečná manipulácia  |2 stusub 
650 7 |a priemyselná ekológia  |2 stusub 
700 1 |a Gracza, Tibor,  |d 1956-  |4 xxx  |u C8140  |U FCHPT Ústav organickej chémie, katalýzy a petrochémie  |T FCHPT Oddelenie organickej chémie  |X 3342  |U C8140  |Y 124  |7 A000003342 
996 |b 284M037105  |c M*BP-5  |l MMSKP  |s P  |a 0  |w stu76900_0001